Corrosion Technology V-1 (Record no. 615199)

000 -LEADER
fixed length control field 00333nam a22001217a 4500
040 ## - CATALOGING SOURCE
Transcribing agency University of the Pubjab
082 ## - DEWEY DECIMAL CLASSIFICATION NUMBER
Classification number 660.11223
Author Mark K451 C
100 ## - MAIN ENTRY--PERSONAL NAME
Personal name Prof. Dr. Ijaz Hussain Khan
9 (RLIN) 54084
245 ## - TITLE STATEMENT
Title Corrosion Technology V-1
260 ## - PUBLICATION, DISTRIBUTION, ETC.
Place of publication, distribution, etc. Lahore
Name of publisher, distributor, etc. University of the Punjab
Date of publication, distribution, etc. 1989
300 ## - PHYSICAL DESCRIPTION
Extent 561p.
Dimensions 23cm.
942 ## - ADDED ENTRY ELEMENTS (KOHA)
Source of classification or shelving scheme
Koha item type Book
Holdings
Withdrawn status Lost status Source of classification or shelving scheme Damaged status Not for loan Permanent Location Current Location Date acquired Total Checkouts Full call number Barcode Checked out Date last seen Date last checked out Price effective from Koha item type
          School of Chemical & Materials Engineering (SCME) School of Chemical & Materials Engineering (SCME) 10/16/2025 1 660.11223 K451 C SCME-D318 02/23/2026 02/03/2026 02/03/2026 10/16/2025 Book
© 2023 Central Library, National University of Sciences and Technology. All Rights Reserved.